000 00725nam a2200253Ia 4500
003 OSt
005 20220923220631.0
006 a|||||r|||| 00| 0
007 ta
008 220922b |||||||| |||| 00| 0 hin d
024 _a188,131
037 _cTextual
040 _aARTS
_cARTS
_bhin
041 _2hin
_ahin
082 _aV3:1:19, 152G2.1
100 _aप्राणनाथ
_9156277
245 0 _aइंग्लेड का इतिहास
246 _aIangleḍ kā itihāsa
250 _aसंस्क0 3
260 _c1932
490 _aगंगा पुस्तकालय; 16
942 _hV3:1:19, 152G2.1
_cTEXL
_2CC
999 _c341207
_d341207